| 000 | 00465nam a2200145Ia 4500 | ||
|---|---|---|---|
| 008 | 140724s9999 xx 000 0 und d | ||
| 050 |
_aBF 724.65 _b.Al347 2012 |
||
| 100 | _aAlcantara, Trinna Q. | ||
| 245 |
_aBehavioral changes encountered in midlife / _cTrinna Q. Alcantara. |
||
| 260 |
_aLas PiƱas, Philippines : _bSouthville International School and Colleges, _cc2012. |
||
| 300 |
_a59 p. : _c28 cm. |
||
| 521 | _aPsychology | ||
| 942 | _cTH | ||
| 999 |
_c229087 _d229087 |
||